| 000 | 00962cab a22002055a 4500 | ||
|---|---|---|---|
| 001 | L141367 | ||
| 008 | 071119s2007 xxkad f s 000 0 eng d | ||
| 035 | _a(Sirsi) u141367 | ||
| 041 | 0 | _aeng | |
| 100 | 1 | _aLe Poidevin, Jackie | |
| 245 | 0 | 0 | _aDemonstrating property's value to the business |
| 260 | _c2007 | ||
| 490 | 0 |
_aFacilities Management _v15(2) November 2007, 10-13(4) |
|
| 520 | _aReports on how to measure the contribution of property and facilities to business performance. Includes benchmarking and how to interpret benchmarking data, better management of estates and identifying ways of improving high-cost buildings. Concludes that creating a case for change is essential and that objective measurement is not always possible or desirable. | ||
| 590 | _aka | ||
| 651 | 4 | _aInternational | |
| 690 | _aPROPERTY-COMMERCIAL PROPERTY-COMMERCIAL PROPERTY MANAGEMENT | ||
| 690 | _aMANAGEMENT-QUALITY MANAGEMENT-PERFORMANCE MEASUREMENT | ||
| 942 | _n0 | ||
| 999 |
_c79474 _d79474 |
||